Les Donjons de Twilight Princess - Statistiques

Statistiques générales
  • Ce quiz a été pris 63 fois
    19 depuis la dernière actualisation
  • Le résultat moyen est 6 sur 9
Statistiques - réponses
Nom du donjon % Correct
2 Mine Goron
81%
6 Temple du Temps
75%
1 Temple Sylvestre
75%
9 Château d'Hyrule
69%
4 Tour du Jugement
69%
7 Célestia
56%
3 Temple Abyssal
56%
8 Palais du Crépuscule
44%
5 Ruines des Pics Blancs
38%
Aucun quiz correspondant
Distribution des résultats
% des personnes avec chaque résultat
Percentile par nombre de réponses
Votre historique - résultats
Vous n’avez pas pris ce quiz depuis la dernière actualisation